书目信息 |
| 题名: |
紫外可见分光光度计
|
|
| 作者: | 李昌厚 著 | |
| 分册: | ||
| 出版信息: | 北京 化学工业出版社 2005 |
|
| 页数: | ||
| 开本: | 26cm | |
| 丛书名: | 分析仪器使用与维护丛书 | |
| 单 册: | ||
| 中图分类: | TH744.12 | |
| 科图分类: | ||
| 主题词: | 光学仪器 | |
| 电子资源: | ||
| ISBN: | 7-5025-6813-1 | |
| 000 | 00608nam0 2200205 450 | |
| 001 | 0754114953 | |
| 005 | 20070929150154.95 | |
| 010 | @a7-5025-6813-1 | |
| 100 | @a20070929d km y0chiy0120 ea | |
| 101 | 0 | @achi |
| 200 | 1 | @a紫外可见分光光度计@Azi wai ke jian fen guang guang du ji@f李昌厚 著@Fli chang hou zhu |
| 210 | @a北京@c化学工业出版社@d2005 | |
| 215 | @c插图@d26cm | |
| 225 | 2 | @a分析仪器使用与维护丛书 |
| 410 | 0 | @12001 @a分析仪器使用与维护丛书 |
| 606 | 0 | @a光学仪器 |
| 690 | @aTH744.12@v3 | |
| 701 | 0 | @a李昌厚@Ali chang hou@4著 |
| 801 | 0 | @aCN@bPFT@c20070929 |
| 905 | @a213230@dTH744.12@eh10@f1 | |
| 紫外可见分光光度计/李昌厚 著.-北京:化学工业出版社,2005 |
| 插图;26cm.-(分析仪器使用与维护丛书) |
| ISBN 7-5025-6813-1: |
| ● |
| 相关链接 |
|
|
|
|
正题名:紫外可见分光光度计
索取号:TH744.12/h10
 
预约/预借
| 序号 | 登录号 | 条形码 | 馆藏地/架位号 | 状态 | 备注 |
| 1 | 6002335 | 260023352 | 密集书库-化学系/ [索取号:TH744.12/h10] | 在馆 | |
| 2 | 6002336 | 260023361 | 密集书库-化学系/ [索取号:TH744.12/h10] | 在馆 |